| 000 | 00741nam a2200241 a 4500 | ||
|---|---|---|---|
| 008 | 951121s1989||||[C 0 slo c | ||
| 020 |
_a8021500093 _c19 Kčs. _q(3000 výtl.) |
||
| 040 |
_aSNK _bslo _cSNK _eAACR2 |
||
| 041 | 1 |
_aslo _hrus |
|
| 044 |
_axo _cSK |
||
| 080 | _a882-3(081) | ||
| 100 | 1 |
_aMakanin, Vladimir _4aut |
|
| 245 | 1 | 0 |
_aOneskorenec _cVladimir Makanin ; Elena Linzbothová, Elena Linzbothová, Gabriel ml. Štrba |
| 250 | _a1., vyd. | ||
| 260 |
_aBratislava _bObzor _c1989 _eŽilina _fPravda |
||
| 300 |
_a157 s., 8,78 AH _c20 cm |
||
| 490 | 0 | _aJantár | |
| 500 | _aIlustr. na front. | ||
| 700 | 1 |
_aLinzbothová, Elena _4trl |
|
| 700 | 1 |
_aLinzbothová, Elena _4[ADC] |
|
| 700 | 1 |
_aŠtrba, Gabriel ml. _4bkd |
|
| 958 | _aA | ||
| 999 |
_c12261 _d12261 |
||